000 nam a22 7a 4500
999 _c8721
_d8721
008 180119b ||||| |||| 00| 0 eng d
100 _aBhattacharya.B.
_95074
245 _aOur Social Panorama
260 _aNew Delhi
_bArya
_c2006